00685nam a2200229Ia 4500003000900000008004100009040001300050040001300063041000800076100002000084245003500104250001100139260001600150260000900166300001100175300001200186490002700198490000700225942000700232999001700239952019900256IT-RoPAU120407s9999 xx 000 0 und d aIT-RoPAU cIT-RoPAU aita aAlbert Einstein aPensieri degli anni difficili. aTorino aBoringhieri c1965 a258 p. c19,5 cm aUniversale scientifica v14 cBK c30687d30687 00102ddc406LM__303_00000000000000071aPAULUSbPAULUSd2012-04-11l0oLM.303r2012-04-11 00:00:00w2012-04-11yBKzInserito da: Jole In data: 22 luglio 2011 fondo: Via A.Severo 56 Progr:28718